Príprava, vlastnosti a využitie selénových heterocyklov dizertačná práca

Salvato in:
Dettagli Bibliografici
Autore principale: Bella, Maroš
Natura: Libro
Lingua:slovacco
Pubblicazione: Bratislava STU FCHPT 2011
Accesso online:Visualizza in OPAC
Tags: Aggiungi Tag
Nessun Tag, puoi essere il primo ad aggiungerne!!

MARC

LEADER 00000nam a2200000 a 4500
005 20260127134316.0
008 141027 2014 000 0 slo d
035 |a vtls010630774 
039 9 |a 201410271016  |b mschk03  |y 201410270934  |z mschk03 
040 |a STUSCHK1  |b slo  |c STUSCHK1  |e AACR2 
100 1 |a Bella, Maroš 
245 1 |a Príprava, vlastnosti a využitie selénových heterocyklov  |b dizertačná práca  |c Maroš Bella 
260 |a Bratislava  |b STU FCHPT  |c 2011 
300 |a 148 s.  |b il.  |c 30 cm 
500 |a Štud. program: organická chémia 
500 |a Štud. odbor: organická chémia 
500 |a Školiace pracovisko: Odd. organickej chémie 
500 |a Evid. číslo: FCHPT-19989-19730 
910 |a SCHK95 
999 |c 9425  |d 9425